Role vědomí v dějinách : a jiné eseje / Jaroslava Pešková
Record details
- ISBN: 80-7106-217-0 (brož.)
- Physical Description: 140 s. : čb. il., fot.
- Publisher: Praha : Nakladatelství Lidové noviny, 1998
Content descriptions
| General Note: | Poznámky s. 126-130 Ediční poznámka s. 131 Rejstřík s. 132-137 |
Search for related items by subject
| Subject: | česká filozofie filozofie dějin vědomí historické historické tradice Dějiny každodennosti Česko |
| Genre: | eseje |
Search for related items by series
Available copies
- 1 of 1 copy available at Common Catalog SPOK.
Holds
- 0 current holds with 1 total copy.
Show Only Available Copies
| Location | Call Number / Copy Notes | Barcode | Shelving Location | Status | Due Date |
|---|---|---|---|---|---|
| Jabok Library | FL-3/Pe | 424480029270 | Odborná literatura | Available | - |
| LDR | 02103cam a22004457a 4500 | ||
|---|---|---|---|
| 001 | 17707 | ||
| 003 | CZ-PrJAB | ||
| 005 | 20130618121227.0 | ||
| 008 | 980218s1998 xr |||||r|||||||||||cze|d | ||
| 015 | . | ‡acnb000301532 | |
| 020 | . | ‡a80-7106-217-0 (brož.) | |
| 035 | . | ‡a(CONS)17707 | |
| 035 | . | ‡a(CZ PrCU)000742531 | |
| 040 | . | ‡aABD001 ‡bcze ‡cABD001 ‡dABD001 | |
| 072 | 7. | ‡a930 ‡xHistorická věda. Pomocné vědy historické. Archivnictví ‡2Konspekt ‡98 | |
| 100 | 1 | . | ‡aPešková, Jaroslava, ‡d1929-2006 ‡7jk01092682 ‡4aut |
| 245 | 1 | 0. | ‡aRole vědomí v dějinách : ‡ba jiné eseje / ‡cJaroslava Pešková |
| 260 | . | ‡aPraha : ‡bNakladatelství Lidové noviny, ‡c1998 | |
| 300 | . | ‡a140 s. : ‡bčb. il., fot. | |
| 490 | 1 | . | ‡aKnižnice Dějin a současnosti ; ‡vsv. 5 |
| 500 | . | ‡aPoznámky s. 126-130 | |
| 500 | . | ‡aEdiční poznámka s. 131 | |
| 500 | . | ‡aRejstřík s. 132-137 | |
| 648 | 4. | ‡aStol.19.-20. | |
| 650 | 0 | 7. | ‡ačeská filozofie ‡7ph128114 ‡2czenas |
| 650 | 0 | 7. | ‡afilozofie dějin ‡7ph120224 ‡2czenas |
| 650 | 0 | 7. | ‡avědomí historické ‡2phffuk |
| 650 | 0 | 7. | ‡ahistorické tradice ‡2phffuk |
| 650 | 0 | 7. | ‡aDějiny každodennosti ‡2phffuk |
| 651 | 7. | ‡aČesko ‡7ge128065 ‡2czenas | |
| 655 | 7. | ‡aeseje ‡7fd132213 ‡2czenas | |
| 830 | 0. | ‡aKnižnice Dějin a současnosti (Nakladatelství Lidové noviny) | |
| 910 | . | ‡aABG312 | |
| 901 | . | ‡a17707 ‡b ‡c17707 ‡tbiblio | |